000 00370nam a2200145Ia 4500
008 240624s9999 xx 000 0 und d
041 _aeng
082 _a414.8 DAV
100 _aDAVENPORT MIKE
245 _aINTRODUCING PHONETICS AND PHONOLOGY
250 _a(3rd ed.)
260 _c2011
_aNew Delhi
_bViva
300 _axvii, : 255 : p. : cm. ; 24
365 _cRS
_b33.5
999 _c17926
_d17926